00512nam a2200193 a 4500001001300000003000900013005001700022008004100039020001000080082001500090100002300105245003800128260004000166300000900206500003500215505001000250650003500260700002300295nice12345678IN_TiNIC20260116012122.0050524s1907 newa grp 000 0 eng  ac10000a268.6bCOE aCoe, George Albert aEducation in Religion and Morals. aNew YorkbFleming Revelle Co.c1907 a422p aincludes index and biblioraphy2 aIndex aChristian Education & Training1 aCoe, George Albert